Zásobnicová jama z mladšej bronzovej doby na devínskom hradisku

Bibliographic Details
Main Authors: Plachá, Veronika, 1937- (Author), Paulík, Jozef, 1931-2013 (Author)
Format: Article
Language:Slovak

MARC

LEADER 00000nab a2200000 a 4500
001 vtls011101238
003 SK-MaSNL
005 20260416045354.0
008 230121|2002 xo |||||||||||||||||slo|
015 |a SNBRB 
035 |a (uuid)f9b7e94b-8232-4e06-9dbc-bf85a629e617 
035 |a (urnnbn)urn:nbn:sk:snk:ar-0073d5 
035 |a urn:nbn:sk:snk-ab96sv 
040 |a SNKBUCL  |b slo  |c SNKBUCL  |e AACR2 
041 0 |a slo 
044 |a xo  |c SK 
100 1 |a Plachá, Veronika,  |d 1937-  |4 aut  |9 1636964 
245 1 0 |a Zásobnicová jama z mladšej bronzovej doby na devínskom hradisku  |c Veronika Plachá, Jozef Paulík 
700 1 |a Paulík, Jozef,  |d 1931-2013  |4 aut  |9 175191 
773 0 |t Bratislava : spisy Mestského múzea v Bratislave  |g Roč. 14, č. 14 (2002), s. 7-14 
954 |a odborná, vedecká literatúra pôvodná (slovenská)  |2 lita 
958 |a OND 
958 |a EUIPO 
958 |a article13 
999 |c 1894708  |d 1896638